000 01548nam a2200217Ia 4500
003 Ost
005 20260416102356.0
008 260416s9999||||xx |||||||||||||| ||und||
040 _cfsecg
041 _aara
082 _a330
100 _aملال، أم الخير
_eمؤلف
245 0 _aدروس في مدخل للإقتصاد :
_bموجهة لطلبة السنة الأولى ( السداسي الأول) ليسانس - جذع مشترك /
_c أم الخير ملال
260 _aالجزائر
_bجامعة الجزائر3: كلية العلوم الإقتصادية، العلوم التجارية وعلوم التسيير
_c2020
300 _a104 ورقة
_bايضاحات
_c30 سم
504 _aمراجع ص101
520 _aمفاهيم أساسية حول علم الاقتصاد، المشكلة الاقتصادية ، مبادئ الاقتصاد الجزئي : الانتاج و العرض ، الاستهلاك و الطلب ، توازن السوق و حالات إختلاله كما تم التاطرق الى مبادئ الاقتصاد الكلي بتناول الادخار و الاستثمار ، الدخل الوطني و الطلب الكلي ، النقود و البنوك ، أزمة التضخم ، البطالة ، أزمة الكساد ، النمو و التنمية الاقتصادية .
653 _aالاقتصاد
710 _aجامعة الجزائر3: كلية العلوم الإقتصادية، العلوم التجارية وعلوم التسيير
_eناشر علمي
942 _cHANDOUT
999 _c41235
_d41235